000 00569nam a22001937a 4500
005 20250221175944.0
008 231009b ||||| |||| 00| 0 spa d
020 _a950-557-213-1
040 _aAR-FvUNAJ
082 1 4 _214
_a321.8
100 1 _98813
_aTouraine, Alain
245 1 1 _a¿Qué es la democracia? /
_cAlain Touraine
260 _aBuenos Aires:
_bFondo de Cultura Económica,
_c1995
300 _a309 p.
650 2 7 _2unescot
_9740
_aDEMOCRACIA
650 2 7 _2unescot
_91779
_aESTADO Y SOCIEDAD
650 2 7 _2unescot
_98981
_aSOCIEDAD CIVIL
942 _2ddc
_cLIBRO
999 _c10728
_d10728
980 _619226
_a Palazón Marcela I.
_819226
_g Palazón Marcela I.